| 000 | 00940cam a2200265 a 4500 | ||
|---|---|---|---|
| 001 | 3087759 | ||
| 005 | 20180308033304.0 | ||
| 008 | 980408s1999 cau b 001 0 eng | ||
| 010 | _a 98018427 | ||
| 020 | _a0520212800 (pbk. : alk. paper) | ||
| 035 | _a(DLC) 98018427 | ||
| 040 |
_aDLC _cDLC _dDLC |
||
| 041 | _aeng | ||
| 043 | _an-us--- | ||
| 080 | _a342.7302 LIE | ||
| 082 | 0 | 0 |
_a342.7302 LIE _221 |
| 100 | 1 | _a14 | |
| 101 | _aSHJ | ||
| 245 | 1 | 2 |
_aA practical companion to the Constitution : _cJethro K. Lieberman. |
| 504 | _aIncludes bibliographical references (p. 751-754) and index. | ||
| 906 |
_a7 _bcbc _corignew _d1 _eocip _f19 _gy-gencatlg |
||
| 942 |
_2ddc _cBK |
||
| 999 |
_c44373 _d44373 |
||